[Event "Dragons-Tyros"]
[Site "?"]
[Date "2002.03.11"]
[Round "?"]
[White "Tegel, F."]
[Black "Diaz, Pablo"]
[Result "1-0"]
[WhiteElo "2072"]
[BlackElo "1981"]
[PlyCount "99"]
[EventDate "2002.??.??"]

1. Nf3 d5 2. g3 c5 3. Bg2 Nc6 4. d4 cxd4 5. Nxd4 e5 6. Nxc6 bxc6 7. O-O Nf6 8.
c4 Bb7 9. Qa4 Qd7 10. Rd1 d4 11. e3 Bc5 12. b4 Bb6 13. c5 Bc7 14. exd4 exd4 15.
Bb2 O-O 16. Bxd4 Qe6 17. Nd2 Rfe8 18. Nf3 a5 19. Qc2 axb4 20. Ng5 Qe2 21. Rd2
Qh5 22. Bxf6 gxf6 23. Nf3 Be5 24. Nxe5 Rxe5 25. Rad1 Rxc5 26. Qb2 Qg6 27. Qxb4
Rb5 28. Qc4 Rb1 29. Be4 Rxd1+ 30. Rxd1 f5 31. Bg2 Qf6 32. Qb4 Ba6 33. a4 Be2
34. Rc1 Rd8 35. h3 f4 36. Qxf4 Qxf4 37. gxf4 c5 38. Rxc5 Rd1+ 39. Kh2 Ra1 40.
Ra5 Bf1 41. Bd5 Ra3 42. f3 Be2 43. Kg3 Bd1 44. f5 Kg7 45. Ra7 Rxa4 46. Rxf7+
Kh6 47. Be4 Bb3 48. Rb7 Bg8 49. h4 Kh5 50. f6 1-0

[Event "Tyros-Dragons"]
[Site "?"]
[Date "2002.03.11"]
[Round "?"]
[White "Guio, J."]
[Black "Blackmon, E."]
[Result "*"]
[WhiteElo "1919"]
[BlackElo "1726"]
[PlyCount "52"]
[EventDate "2002.??.??"]

1. e4 c5 2. b3 Nc6 3. Bb2 Nf6 4. e5 Nd5 5. Ne2 e6 6. g3 Qc7 7. f4 Be7 8. Bg2
O-O 9. Nbc3 Nxc3 10. Bxc3 f6 11. exf6 Bxf6 12. Bxf6 Rxf6 13. c4 b6 14. d4 Bb7
15. d5 exd5 16. Bxd5+ Kh8 17. O-O Re8 18. Qd2 Nb4 19. Bxb7 Qxb7 20. Nc3 Rfe6
21. Rae1 h6 22. Rxe6 Rxe6 23. f5 Rf6 24. a3 Nc6 25. Nd5 Rf7 26. f6 26... g5 {
something happened in a time scramble} *

[Event "Dragons-Tyros"]
[Site "?"]
[Date "2002.03.11"]
[Round "?"]
[White "Altshuller, Dmitry"]
[Black "Stoltz, Bob"]
[Result "1-0"]
[WhiteElo "1819"]
[BlackElo "1875"]
[PlyCount "55"]
[EventDate "2002.??.??"]

1. e4 c5 2. Nf3 d6 3. d4 cxd4 4. Nxd4 Nf6 5. Nc3 a6 6. Bc4 e6 7. Bb3 Be7 8. f4
O-O 9. Qf3 Qc7 10. Be3 Nc6 11. g4 Na5 12. O-O-O Nxb3+ 13. Nxb3 b5 14. g5 Nd7
15. f5 exf5 16. Nd5 Qd8 17. exf5 Bxg5 18. Rhg1 Bxe3+ 19. Qxe3 Re8 20. Qh6 g6
21. fxg6 fxg6 22. Rxg6+ hxg6 23. Qxg6+ Kf8 24. Rf1+ Nf6 25. Rxf6+ Qxf6 26.
Qxf6+ Kg8 27. Ne7+ Rxe7 28. Qxe7 1-0

[Event "Tyros-Dragons"]
[Site "?"]
[Date "2002.03.11"]
[Round "?"]
[White "Buchner, Bob"]
[Black "Eustace, Dan"]
[Result "1-0"]
[WhiteElo "1755"]
[BlackElo "1564"]
[PlyCount "41"]
[EventDate "2002.??.??"]

1. e4 e5 2. Bc4 Nc6 3. Nc3 Nf6 4. d3 Bb4 5. Nge2 O-O 6. O-O d6 7. Bg5 Bg4 8.
Nd5 Nd4 9. f3 Nxe2+ 10. Qxe2 Bc5+ 11. Kh1 Be6 12. Nxf6+ gxf6 13. Bh6 Re8 14. f4
Kh8 15. f5 Bxc4 16. dxc4 c6 17. Qh5 d5 18. Rf3 Re7 19. Rg3 Bf2 20. Bg7+ Kg8 21.
Qg4 1-0

[Event "Dragons-Tyros"]
[Site "?"]
[Date "2002.03.11"]
[Round "?"]
[White "Salerno, Steve"]
[Black "Smith, Brian"]
[Result "0-1"]
[WhiteElo "1392"]
[BlackElo "1623"]
[PlyCount "79"]
[EventDate "2002.??.??"]

1. e4 c5 2. Nf3 Nf6 3. Nc3 d5 4. e5 d4 5. exf6 dxc3 6. bxc3 exf6 7. Bb5+ Bd7 8.
Bxd7+ Qxd7 9. O-O Nc6 10. Re1+ Be7 11. Ba3 O-O 12. d4 Rad8 13. Bxc5 Bxc5 14.
dxc5 Qf5 15. Qb1 Rd7 16. Rd1 Rxd1+ 17. Qxd1 Qxc5 18. Qe1 Rc8 19. Rd1 g6 20. Rd7
b6 21. Qd2 Ne5 22. Nxe5 fxe5 23. h3 Qxc3 24. Qd5 Qe1+ 25. Kh2 Qxf2 26. Qxe5 a5
27. Rb7 Qc5 28. Qb2 Qxc2 29. Rxb6 Qxb2 30. Rxb2 Rc4 31. Rb5 a4 32. Ra5 Kg7 33.
Kg3 f5 34. Kf3 Re4 35. g4 Kf6 36. Ra7 h5 37. gxf5 gxf5 38. Ra5 Kg5 39. a3 Rc4
40. Kg2 {and Black won ending} 0-1

[Event "Tyros-Dragons"]
[Site "?"]
[Date "2002.03.11"]
[Round "?"]
[White "Hahne, Dan"]
[Black "Breyer, Andy"]
[Result "1-0"]
[WhiteElo "1646"]
[BlackElo "1358"]
[PlyCount "79"]
[EventDate "2002.??.??"]

1. d4 d5 2. c4 dxc4 3. Nf3 e6 4. e3 Nf6 5. Bxc4 Bd7 6. Nc3 Bd6 7. O-O Nc6 8. e4
e5 9. d5 Na5 10. Bd3 a6 11. a3 b5 12. b4 Nc4 13. Qe2 c5 14. Bxc4 bxc4 15. bxc5
Qa5 16. cxd6 Qxc3 17. Bd2 Qb3 18. Rfb1 Qc2 19. Rc1 Qd3 20. Qxd3 cxd3 21. Re1
Rb8 22. Bc3 Ng4 23. h3 Rc8 24. Bb4 Nf6 25. Nxe5 O-O 26. Nxd3 Rc4 27. f3 h6 28.
Rac1 Rfc8 29. Rxc4 Rxc4 30. Rc1 Rd4 31. Ne5 Be8 32. Rc8 Rd1+ 33. Kh2 g5 34.
Rxe8+ Nxe8 35. d7 Ng7 36. d8=Q+ Kh7 37. Nxf7 Kg6 38. Ne5+ Kh5 39. Qd7 Rc1 40.
Qg4# 1-0

[Event "Kemper-UOP"]
[Site "?"]
[Date "2002.03.14"]
[Round "?"]
[White "Siwek, Mark"]
[Black "Buerger, Ed"]
[Result "1-0"]
[WhiteElo "1984"]
[BlackElo "2052"]
[PlyCount "93"]
[EventDate "2002.??.??"]

1. e4 c5 2. Nf3 Nc6 3. d4 cxd4 4. Nxd4 g6 5. Nc3 Bg7 6. Be3 Qb6 7. Nb3 Qb4 8.
Bd2 Bxc3 9. Bxc3 Qxe4+ 10. Be2 Nf6 11. O-O O-O 12. Bf3 Qf5 13. Re1 Re8 14. Bxc6
bxc6 15. Re5 Qf4 16. g3 Qg4 17. Qe1 Nd5 18. Rd1 Nxc3 19. bxc3 d6 20. Rxd6 exd6
21. Rxe8+ Kg7 22. Qe7 Qd1+ 23. Kg2 Be6 24. Qf8+ Kf6 25. Rxe6+ Kxe6 26. Qxa8 c5
27. Qe4+ Kd7 28. Qd3 Qh5 29. Qf3 Qe5 30. Qxf7+ Kc6 31. Qf3+ Kb6 32. c4 Qe6 33.
Nd2 Ka5 34. Qc6 Kb4 35. Qf3 Ka5 36. Qd3 Kb6 37. Ne4 Kc7 38. Nc3 a6 39. Qd5 Qf6
40. Ne4 Qe7 41. Qa8 Kb6 42. Nc3 Qf7 43. Nd5+ Ka5 44. Qb8 Qe6 45. Qb6+ Ka4 46.
Qb3+ Ka5 47. Qa3# 1-0

[Event "UOP-Kemper"]
[Site "?"]
[Date "2002.03.14"]
[Round "?"]
[White "Boldingh, Ed"]
[Black "Easton, Rich"]
[Result "1-0"]
[WhiteElo "1926"]
[BlackElo "1773"]
[PlyCount "47"]
[EventDate "2002.??.??"]

1. e4 c5 2. Nf3 g6 3. Nc3 Bg7 4. Bc4 Nc6 5. O-O Nf6 6. e5 Ng8 7. Re1 Na5 8. d3
Nxc4 9. dxc4 Nh6 10. Bg5 O-O 11. Nd5 Nf5 12. Nh4 f6 13. Nxf5 fxg5 14. Nfxe7+
Kh8 15. Qd2 Re8 16. Qxg5 Bf8 17. Qf6+ Bg7 18. Qg5 Bf8 19. Nxg6+ hxg6 20. Qxg6
Bg7 21. Nf6 Bxf6 22. exf6 Rxe1+ 23. Rxe1 Qg8 24. Qh6+ 1-0

[Event "Kemper-UOP"]
[Site "?"]
[Date "2002.03.14"]
[Round "?"]
[White "Mossbridge, Adam"]
[Black "Lechnick, Jay"]
[Result "1-0"]
[WhiteElo "1733"]
[BlackElo "1812"]
[PlyCount "82"]
[EventDate "2002.??.??"]

1. e4 c5 2. Nf3 d6 3. d4 cxd4 4. Nxd4 Nc6 5. Nc3 Nf6 6. Bb5 Bd7 7. O-O g6 8.
Be3 Bg7 9. Nxc6 bxc6 10. Bd3 Ng4 11. Bd2 Ne5 12. Be2 c5 13. f4 Nc6 14. Rb1 Nd4
15. Bd3 O-O 16. Ne2 Rb8 17. c3 Nb5 18. f5 Be5 19. Bh6 Bg7 20. Qd2 e6 21. f6
Bxf6 22. Bxf8 Kxf8 23. Qf4 Kg7 24. a4 e5 25. Qf3 Nc7 26. b3 Be6 27. c4 Ne8 28.
Nc3 g5 29. h3 Kg6 30. Be2 h6 31. Nd5 Bg7 32. Ne3 Nf6 33. Nf5 h5 34. Nxg7 Kxg7
35. Rbd1 g4 36. Qd3 gxh3 37. Qg3+ Kf8 38. Qh4 h2+ 39. Kh1 Ng4 40. Qxh5 Qc8 41.
Bxg4 Bxg4 1-0

[Event "UOP-Kemper"]
[Site "?"]
[Date "2002.03.14"]
[Round "?"]
[White "Sacks, David"]
[Black "Olsen, Art"]
[Result "1-0"]
[WhiteElo "1831"]
[BlackElo "1574"]
[PlyCount "81"]
[EventDate "2002.??.??"]

1. Nf3 d5 2. c4 c6 3. b3 e6 4. Bb2 Nf6 5. e3 Nbd7 6. d4 Be7 7. Bd3 Ne4 8. Nbd2
Bb4 9. O-O Ndf6 10. Qc2 Nxd2 11. Nxd2 Bd6 12. Nf3 h6 13. Ne5 Bxe5 14. dxe5 Nd7
15. f4 Nc5 16. Ba3 b6 17. cxd5 Qxd5 18. Bxc5 Qxc5 19. Qxc5 bxc5 20. Rac1 O-O
21. Rxc5 Bb7 22. Rfc1 Rad8 23. Be4 Rd2 24. R5c2 Rfd8 25. a4 Rxc2 26. Rxc2 Rb8
27. b4 Kf8 28. Kf2 Ke7 29. Bxc6 Rc8 30. Be4 Rxc2+ 31. Bxc2 Kd7 32. e4 Kc7 33.
Ke3 Kb6 34. Kd4 Kc6 35. Bd3 a6 36. b5+ Kb6 37. bxa6 Bxa6 38. Bxa6 Kxa6 39. Kc5
Ka5 40. Kd6 Kxa4 41. Ke7 1-0

[Event "Kemper-UOP"]
[Site "?"]
[Date "2002.03.14"]
[Round "?"]
[White "Wirtz, Rob"]
[Black "Micklich, Frank"]
[Result "0-1"]
[WhiteElo "1357"]
[BlackElo "1655"]
[PlyCount "52"]
[EventDate "2002.??.??"]

1. e4 g6 2. Nf3 Bg7 3. d4 d6 4. Be3 Nf6 5. Nc3 Ng4 6. Bf4 O-O 7. Qd2 Re8 8. h3
Nf6 9. Bc4 c6 10. Bh6 b5 11. Bxf7+ Kxf7 12. Ng5+ Kg8 13. Bxg7 Kxg7 14. O-O-O h6
15. Nf3 b4 16. d5 bxc3 17. Qxc3 Qc7 18. e5 dxe5 19. Nxe5 Bb7 20. Rhe1 c5 21.
Ng4 Nbd7 22. Rd3 Kh7 23. Qd2 Ng8 24. d6 exd6 25. Rxe8 Rxe8 26. Rxd6 Re1+ 0-1

[Event "Northrop-UOP"]
[Site "?"]
[Date "2002.02.28"]
[Round "?"]
[White "Vigants, Al"]
[Black "Boldingh, Ed"]
[Result "0-1"]
[WhiteElo "1672"]
[BlackElo "1926"]
[PlyCount "84"]
[EventDate "2002.??.??"]

1. d4 Nf6 2. Nf3 c5 3. e3 d5 4. c3 Nc6 5. Bd3 Bg4 6. Nbd2 e5 7. dxe5 Nxe5 8.
Qa4+ Bd7 9. Bb5 Bd6 10. Nxe5 Bxe5 11. Nf3 Bd6 12. O-O O-O 13. Bxd7 Nxd7 14. Qb3
Nf6 15. Qxb7 Bc7 16. Qa6 Re8 17. b3 Re6 18. Qd3 Qd6 19. Qf5 Ne4 20. Bb2 Nd2 21.
Rfd1 Nxf3+ 22. Qxf3 Qxh2+ 23. Kf1 Rae8 24. Rxd5 Rf6 25. Rh5 Rxf3 26. Rxh2 Rf5
27. Rh3 Rd5 28. Ke2 Red8 29. Ba3 Rd2+ 30. Kf3 Bb6 31. c4 R8d6 32. Rh4 Rc2 33.
Bc1 Bd8 34. Re4 Kf8 35. a3 Bf6 36. Rb1 Rd1 37. Rh4 Bxh4 38. b4 Rdxc1 39. Rb3
Rc3 40. Rb2 R1c2 41. Rb1 Rxc4 42. Rh1 Rxf2# 0-1

[Event "UOP-Kings"]
[Site "?"]
[Date "2002.02.07"]
[Round "?"]
[White "Micklich, Frank"]
[Black "Gryparis, John"]
[Result "1-0"]
[WhiteElo "1655"]
[BlackElo "1497"]
[PlyCount "188"]
[EventDate "2002.??.??"]

1. e4 c6 2. d4 e6 3. Nc3 Bb4 4. Nf3 h6 5. Bd3 d6 6. O-O Ne7 7. Be3 Nd7 8. Ne2
Ba5 9. Ng3 Bb6 10. Qd2 e5 11. c3 c5 12. Nh5 g6 13. Ng3 Ng8 14. Bb5 Qf6 15. dxe5
dxe5 16. Rad1 Qe7 17. Nxe5 Qxe5 18. Bxd7+ Kf8 19. Bf4 Qf6 20. Bd6+ Kg7 21. e5
Qd8 22. Ba4 Be6 23. a3 Ne7 24. Ne4 Rc8 25. Nf6 Nf5 26. Qf4 Nxd6 27. Rxd6 Qe7
28. c4 Bc7 29. Nd5 Bxd5 30. Rxd5 b6 31. Rd7 Qe6 32. Re1 Rhd8 33. Rd5 Rxd5 34.
cxd5 Qxd5 35. Qf6+ Kg8 36. Rd1 Qxe5 37. Qxe5 Bxe5 38. Rd7 Rc7 39. Rd8+ Kg7 40.
Bc2 Bxb2 41. a4 Re7 42. Kf1 Bd4 43. f3 Bf6 44. Rc8 Be5 45. Bd3 Bxh2 46. Kf2 Be5
47. Bc4 Bd4+ 48. Kg3 h5 49. Rc6 g5 50. Rc8 Be5+ 51. Kh3 Rc7 52. Re8 Kf6 53. Rg8
Rd7 54. Rf8 h4 55. Bb3 Kg7 56. Rc8 Rc7 57. Re8 Kf6 58. Bc4 Kf5 59. Rf8 f6 60.
Re8 Kf4 61. Re6 Rd7 62. g3+ hxg3 63. Kg2 Rd2+ 64. Kf1 Kxf3 65. Bb3 Rb2 66. Bd1+
Ke3 67. Bg4 Rf2+ 68. Kg1 Kd4 69. Re8 Ra2 70. Rd8+ Kc3 71. Bd1 Bd4+ 72. Kf1 Rf2+
73. Kg1 Rd2+ 74. Kf1 Rxd1+ 75. Kg2 Kb4 76. a5 Rd2+ 77. Kh3 Kxa5 78. Ra8 a6 79.
Kxg3 c4 80. Kf3 Be5 81. Rc8 c3 82. Ke4 Kb4 83. Rc6 b5 84. Rxa6 c2 85. Rc6 Bc3
86. Ke3 c1=Q 87. Ke4 Qe1+ 88. Kf5 Rf2+ 89. Kg6 Qe4+ 90. Kf7 Qxc6 91. Kg6 Qe4+
92. Kg7 Rh2 93. Kf7 Rh7+ 94. Kg8 Qb7 1-0

[Event "Rooks-Dragons"]
[Site "?"]
[Date "2002.04.08"]
[Round "?"]
[White "Benedek, R."]
[Black "Tegel, F."]
[Result "0-1"]
[WhiteElo "2126"]
[BlackElo "2072"]
[PlyCount "32"]
[EventDate "2002.??.??"]

1. Nf3 Nf6 2. c4 g6 3. Nc3 c5 4. d4 cxd4 5. Nxd4 Bg7 6. e4 d6 7. Be2 Nc6 8. Be3
O-O 9. O-O Nxd4 10. Bxd4 Bd7 11. f3 a6 12. Qd2 Rb8 13. b3 Qa5 14. Rfd1 Rfe8 15.
Bxf6 Bxf6 16. Nd5 Qc5+ 0-1

[Event "Dragons-Rooks"]
[Site "?"]
[Date "2002.04.08"]
[Round "?"]
[White "Altshuller, Dmitry"]
[Black "Hill, R."]
[Result "0-1"]
[WhiteElo "1819"]
[BlackElo "2043"]
[PlyCount "48"]
[EventDate "2002.??.??"]

1. e4 c5 2. Nf3 d6 3. d4 cxd4 4. Nxd4 Nf6 5. Nc3 g6 6. Be3 Bg7 7. f3 Nc6 8. Qd2
O-O 9. O-O-O d5 10. Qe1 e6 11. h4 Qa5 12. g4 dxe4 13. fxe4 Nxg4 14. Nxc6 bxc6
15. Bd4 e5 16. Be3 Be6 17. Kb1 Nxe3 18. Qxe3 Rab8 19. Rd2 Qa3 20. b3 Rfd8 21.
Rg2 a5 22. Ka1 Bxb3 23. cxb3 Rxb3 24. Rc2 Rxc3 0-1

[Event "Dragons-Rooks"]
[Site "?"]
[Date "2002.04.08"]
[Round "?"]
[White "Blackmon, E."]
[Black "Suarez, E."]
[Result "1-0"]
[WhiteElo "1726"]
[BlackElo "1892"]
[PlyCount "117"]
[EventDate "2002.??.??"]

1. d4 Nf6 2. c4 c5 3. d5 b5 4. cxb5 a6 5. bxa6 Bxa6 6. Nc3 d6 7. e3 Bxf1 8.
Kxf1 g6 9. Nge2 Bg7 10. g3 Nbd7 11. Kg2 O-O 12. Rb1 c4 13. b3 cxb3 14. Rxb3 Nc5
15. Rb1 Ra5 16. Nd4 Nfe4 17. Nxe4 Nxe4 18. Nc6 Nc3 19. Nxd8 Nxd1 20. Rxd1 Rxd8
21. a3 Ra7 22. Rd3 Rc8 23. Rdb3 Bf6 24. Bb2 Kg7 25. Bxf6+ Kxf6 26. Kf3 Rc2 27.
g4 Ra2 28. h4 h6 29. Rb7 R2xa3 30. R1b2 Ke5 31. Rxa7 Rxa7 32. Rb5 Rc7 33. Ra5
h5 34. g5 f6 35. gxf6 exf6 36. Ra8 Rc4 37. Re8+ Kxd5 38. e4+ Kd4 39. Rg8 f5 40.
exf5 gxf5 41. Rg5 Ke5 42. Rxh5 Rc3+ 43. Ke2 Ke4 44. Rh6 Rc2+ 45. Ke1 d5 46.
Re6+ Kd4 47. Kf1 f4 48. Kg2 Rc3 49. h5 Rc8 50. h6 Rh8 51. Kf3 Kc3 52. Rc6+ Kd3
53. Kxf4 d4 54. Kg5 Ke2 55. f4 d3 56. Re6+ Kf2 57. Rd6 Ke2 58. f5 d2 59. Kg6
1-0

[Event "Dragons-Rooks"]
[Site "?"]
[Date "2002.04.08"]
[Round "?"]
[White "Eustace, Dan"]
[Black "Baurac, Dan"]
[Result "0-1"]
[WhiteElo "1564"]
[BlackElo "1736"]
[PlyCount "32"]
[EventDate "2002.??.??"]

1. e4 c6 2. d4 d5 3. Nc3 dxe4 4. Nxe4 Nd7 5. Nf3 Ngf6 6. Nxf6+ Nxf6 7. Bc4 Qc7
8. O-O Bg4 9. h3 Bh5 10. Bg5 Ne4 11. Bh4 e6 12. Qd3 Bxf3 13. Qxf3 Nd2 14. Qe2
Nxf1 15. Bxe6 Qh2+ 16. Kxf1 Qh1# 0-1

[Event "Rooks-Dragons"]
[Site "?"]
[Date "2002.04.08"]
[Round "?"]
[White "Decman, Steve"]
[Black "Salerno, Steve"]
[Result "0-1"]
[WhiteElo "1604"]
[BlackElo "1392"]
[PlyCount "60"]
[EventDate "2002.??.??"]

1. e4 c5 2. Nf3 d6 3. c3 Nd7 4. Be2 Ngf6 5. d3 e6 6. O-O Be7 7. Re1 O-O 8. Nbd2
Re8 9. d4 cxd4 10. cxd4 b6 11. Nf1 Nxe4 12. Bd3 d5 13. Bxe4 dxe4 14. Rxe4 Bb7
15. Re1 Bf6 16. Be3 Rc8 17. Ng3 Bxf3 18. Qxf3 Nb8 19. Rad1 Rc2 20. Re2 Rxe2 21.
Qxe2 Qd5 22. a3 Nc6 23. Qg4 g6 24. Ne4 Bg7 25. Nc3 Qc4 26. Qf4 Rd8 27. Qc7 Be5
28. dxe5 Rxd1+ 29. Nxd1 Qe2 30. Qd7 Qe1# 0-1

[Event "Rooks-Dragons"]
[Site "?"]
[Date "2002.04.08"]
[Round "?"]
[White "Butler, E."]
[Black "Breyer, Adam"]
[Result "1-0"]
[WhiteElo "1270"]
[BlackElo "1358"]
[PlyCount "47"]
[EventDate "2002.??.??"]

1. d4 d5 2. c4 Nf6 3. cxd5 Qxd5 4. Nc3 Qc6 5. e3 a6 6. Nf3 Bg4 7. Be2 Nbd7 8.
O-O e6 9. Bd2 O-O-O 10. Rc1 Ne4 11. Nb5 axb5 12. Rxc6 bxc6 13. Ba5 Ndc5 14. b4
Nc3 15. Qc2 N5e4 16. Bd3 f5 17. Bxe4 fxe4 18. Qxc3 exf3 19. Qxc6 Bd6 20. gxf3
Bh3 21. Rc1 Kb8 22. Bxc7+ Bxc7 23. Qxc7+ Ka8 24. Rc6 1-0

[Event "Pawns-Chargers"]
[Site "?"]
[Date "2002.04.09"]
[Round "?"]
[White "Ellice, Wayne"]
[Black "Dobrovolny, Chuck"]
[Result "0-1"]
[WhiteElo "1888"]
[BlackElo "1838"]
[PlyCount "38"]
[EventDate "2002.??.??"]

1. d4 Nf6 2. c4 g6 3. Nf3 Bg7 4. Nc3 d5 5. e3 O-O 6. Qc2 Nc6 7. a3 Bf5 8. Bd3
Bxd3 9. Qxd3 dxc4 10. Qxc4 e5 11. dxe5 Nd7 12. e6 Nde5 13. Nxe5 Nxe5 14. exf7+
Rxf7 15. Qd5 Nd3+ 16. Ke2 Qf6 17. f3 Rd8 18. Qxb7 Qh4 19. g3 Qc4 0-1

[Event "Pawns-Chargers"]
[Site "?"]
[Date "2002.04.09"]
[Round "?"]
[White "O'Dell, Dave"]
[Black "Stamm, Vern"]
[Result "0-1"]
[WhiteElo "1491"]
[BlackElo "1477"]
[PlyCount "138"]
[EventDate "2002.??.??"]

1. d4 b6 2. e4 Bb7 3. c4 e6 4. d5 Bb4+ 5. Bd2 Bxd2+ 6. Qxd2 exd5 7. cxd5 Nf6 8.
Nc3 O-O 9. Nf3 Re8 10. Bd3 Ba6 11. O-O-O Bxd3 12. Qxd3 d6 13. h3 Nbd7 14. Rhe1
Nc5 15. Qd4 Re7 16. Nd2 Qe8 17. f4 Nfd7 18. Nf3 f6 19. Nh4 Rf7 20. g4 Nf8 21.
g5 fxg5 22. fxg5 Qe7 23. Qe3 g6 24. Nf3 Re8 25. h4 Ncd7 26. Nb5 Ne5 27. Nxe5
Qxe5 28. Nxa7 Rf4 29. Rd4 Rxh4 30. Nc6 Qf4 31. Qxf4 Rxf4 32. Rc4 Nd7 33. Nb4
Nc5 34. Rc3 Rfxe4 35. Rxe4 Rxe4 36. Nc6 Rg4 37. a3 Rxg5 38. b4 Na4 39. Ne7+ Kf8
40. Rxc7 h5 41. Nc6 Rxd5 42. Nd8 Ke8 43. Ne6 h4 44. Rh7 Rd3 45. Rxh4 Rxa3 46.
Rg4 Kf7 47. Nf4 Rc3+ 48. Kd2 Rc4 49. Rxg6 Rxf4 50. Rxd6 Rxb4 51. Kc2 b5 52. Rd3
Ke6 53. Kc1 Ke5 54. Kc2 Ke4 55. Rd8 Rd4 56. Rb8 Rc4+ 57. Kb3 Nc5+ 58. Ka3 Ra4+
59. Kb2 b4 60. Re8+ Kd4 61. Rd8+ Kc4 62. Rc8 b3 63. Kb1 Ra5 64. Kb2 Rb5 65. Rc7
Kb4 66. Rc8 Na4+ 67. Ka1 Ka3 68. Rc3 Rd5 69. Rc7 Rd1+ 0-1

[Event "Chargers-Pawns"]
[Site "?"]
[Date "2002.04.09"]
[Round "?"]
[White "LaForge, Wayne"]
[Black "Mikulecky, B."]
[Result "1/2-1/2"]
[WhiteElo "1366"]
[BlackElo "1494"]
[PlyCount "110"]
[EventDate "2002.??.??"]

1. c4 Nf6 2. g3 c6 3. Bg2 e5 4. d4 e4 5. d5 cxd5 6. cxd5 Qa5+ 7. Bd2 Qxd5 8.
Nc3 Qf5 9. Qa4 Bc5 10. e3 O-O 11. Nxe4 Nxe4 12. Bxe4 Qe6 13. Bg2 d5 14. Ne2 Bd7
15. Qc2 Rc8 16. Bc3 Bb4 17. Qd2 Bxc3 18. Nxc3 Bc6 19. O-O Rd8 20. Qd4 Nd7 21.
Bxd5 Bxd5 22. Qxd5 Qb6 23. Qb5 Qc7 24. Rfd1 a6 25. Qb3 Nf6 26. Rxd8+ Rxd8 27.
Rd1 Rxd1+ 28. Qxd1 b5 29. Qd4 h6 30. h4 Qc6 31. a4 bxa4 32. Qxa4 Qf3 33. Qxa6
Ng4 34. Qe2 Qf5 35. Nb5 Qb1+ 36. Kg2 Qe4+ 37. Qf3 Qb4 38. Nd4 h5 39. b3 g6 40.
Qe2 Qc3 41. Qc2 Qe1 42. Nf3 Qb4 43. Qb2 Qb7 44. b4 Qb5 45. Nd4 Qd5+ 46. Kg1 Ne5
47. Qc3 Qa2 48. b5 Qb1+ 49. Kg2 Qe4+ 50. Kf1 Qb1+ 51. Ke2 Qa2+ 52. Qc2 Qa8 53.
Nc6 Qe8 54. Nxe5 Qxe5 55. b6 Qb5+ 1/2-1/2

[Event "UOP-Excaliburs"]
[Site "?"]
[Date "2002.04.11"]
[Round "?"]
[White "Buerger, Ed"]
[Black "Inumerable, Florin"]
[Result "0-1"]
[WhiteElo "2052"]
[BlackElo "2292"]
[PlyCount "82"]
[EventDate "2002.??.??"]

1. d4 g6 2. e4 Bg7 3. c4 c5 4. Be3 Qb6 5. Ne2 Nc6 6. Nbc3 cxd4 7. Nd5 Qa5+ 8.
Bd2 Qd8 9. f4 e6 10. Nb4 a5 11. Nd3 d5 12. cxd5 exd5 13. e5 Nge7 14. Ng3 h5 15.
Be2 h4 16. Nf1 Bf5 17. Qb3 b6 18. Rc1 Be4 19. Rg1 Rc8 20. Nf2 Nb4 21. a3 Rxc1+
22. Bxc1 Bc2 23. Bb5+ Kf8 24. Qf3 Na2 25. Bd2 Qc7 26. Nd3 Kg8 27. Qf2 Nf5 28.
g4 hxg3 29. hxg3 Bf8 30. g4 Nh4 31. Rh1 Be7 32. Ng3 Bxd3 33. Bxd3 Nc1 34. Bb1
Qc4 35. Ne2 Nd3+ 36. Bxd3 Qxd3 37. Rf1 Bc5 38. Qg3 Qb1+ 39. Nc1 Qe4+ 40. Kd1
Ng2 41. Ne2 Ne3+ 0-1

[Event "Excaliburs-UOP"]
[Site "?"]
[Date "2002.04.11"]
[Round "?"]
[White "Friske, Tom"]
[Black "Boldingh, Ed"]
[Result "1-0"]
[WhiteElo "2006"]
[BlackElo "1926"]
[PlyCount "76"]
[EventDate "2002.??.??"]

1. d4 Nf6 2. c4 c5 3. d5 b5 4. f3 d6 5. e4 b4 6. Bd3 g6 7. Ne2 Bg7 8. Nd2 O-O
9. O-O a5 10. f4 e6 11. dxe6 fxe6 12. Ng3 Nc6 13. Nf3 Ng4 14. h3 Nh6 15. Qe2
Nd4 16. Nxd4 Bxd4+ 17. Be3 e5 18. fxe5 Qh4 19. Rxf8+ Kxf8 20. Qf3+ Kg8 21. Bxd4
cxd4 22. exd6 Bg4 23. Qf2 Rf8 24. Nf5 Qxf2+ 25. Kxf2 gxf5 26. e5 Bh5 27. e6 Be8
28. c5 Bc6 29. e7 Re8 30. Bc4+ Kg7 31. Re1 Nf7 32. Be6 Ng5 33. Bxf5 Kf6 34. d7
Bxd7 35. Bxd7 Rxe7 36. Rxe7 Kxe7 37. Bf5 h6 38. Ke2 38... Kf6 {Black flagged}
1-0

[Event "UOP-Excaliburs"]
[Site "?"]
[Date "2002.04.11"]
[Round "?"]
[White "Sacks, David"]
[Black "Sollano, Ely"]
[Result "0-1"]
[WhiteElo "1831"]
[BlackElo "1983"]
[PlyCount "104"]
[EventDate "2002.??.??"]

1. Nf3 Nf6 2. c4 d6 3. b3 e5 4. d3 Be7 5. Bb2 O-O 6. g3 Nc6 7. Bg2 Rb8 8. O-O
Nh5 9. e3 g6 10. Nc3 Be6 11. d4 exd4 12. exd4 Bg4 13. h3 Bxf3 14. Bxf3 Nf6 15.
Qd2 Re8 16. Rfe1 Bf8 17. Rxe8 Qxe8 18. Re1 Qd7 19. Kh2 Re8 20. Nd5 Nxd5 21.
Bxd5 Bg7 22. Re3 Nd8 23. Bg2 c6 24. d5 Rxe3 25. fxe3 c5 26. Bxg7 Kxg7 27. e4 f6
28. h4 Qe7 29. Qf4 Nf7 30. a3 h5 31. b4 b6 32. g4 hxg4 33. Qxg4 Ne5 34. Qe2 Qc7
35. b5 Qd8 36. Kg3 Qh8 37. Bf1 Qh6 38. a4 Qc1 39. h5 Qg5+ 40. Kh3 gxh5 41. Qg2
Kh6 42. Be2 Qe3+ 43. Kh2 Qf4+ 44. Kh3 Ng6 45. Qg3 h4 46. Qg4 Qe3+ 47. Bf3 Qg5
48. Bd1 Nf4+ 49. Kh2 Qxg4 50. Bxg4 Kg5 51. Bf5 Ne2 52. Kh3 Nc3 0-1

[Event "Excaliburs-UOP"]
[Site "?"]
[Date "2002.04.11"]
[Round "?"]
[White "Kogan, Greg"]
[Black "Lechnick, Jay"]
[Result "1-0"]
[WhiteElo "1815"]
[BlackElo "1812"]
[PlyCount "59"]
[EventDate "2002.??.??"]

1. e4 c5 2. Nf3 d6 3. Bc4 Nf6 4. e5 dxe5 5. Nxe5 e6 6. d3 Nbd7 7. Nf3 Bd6 8.
Nc3 a6 9. a4 Nb6 10. Bb3 Nbd5 11. Ne4 Nxe4 12. dxe4 Ne7 13. O-O Ng6 14. Qe2 Qc7
15. h3 O-O 16. Bd2 Bd7 17. Rad1 Bc6 18. Rfe1 Rab8 19. h4 b5 20. axb5 axb5 21.
h5 Nf4 22. Qe3 e5 23. Bc3 Nxh5 24. Rxd6 Qxd6 25. Bxe5 Qg6 26. Bxb8 Rxb8 27. Ne5
Qf6 28. Bxf7+ Kh8 29. Nxc6 Qxc6 30. Bxh5 1-0

[Event "UOP-Excaliburs"]
[Site "?"]
[Date "2002.04.11"]
[Round "?"]
[White "Sajbel, Pat"]
[Black "Sullivan, Jim"]
[Result "1/2-1/2"]
[WhiteElo "1819"]
[BlackElo "1726"]
[PlyCount "101"]
[EventDate "2002.??.??"]

1. e4 c5 2. Nf3 d6 3. Bc4 Nc6 4. c3 a6 5. d4 cxd4 6. cxd4 e6 7. Nc3 Nf6 8. O-O
Be7 9. Re1 O-O 10. e5 dxe5 11. dxe5 Qxd1 12. Rxd1 Nd7 13. Bf4 b5 14. Bb3 Nc5
15. Bc2 Bb7 16. a3 b4 17. axb4 Nxb4 18. Rac1 Rfd8 19. Bb1 Ncd3 20. Bxd3 Nxd3
21. Rxd3 Rxd3 22. Nd2 Rad8 23. Nf1 g5 24. Be3 f5 25. exf6 Bxf6 26. h3 h6 27.
Na4 Rc8 28. Nc5 Rxe3 29. Nxe3 Bd5 30. Nxd5 exd5 31. b4 Bd4 32. Kf1 a5 33. Nb3
Rxc1+ 34. Nxc1 axb4 35. Ke2 Kf7 36. Nb3 Bb6 37. f3 Ke6 38. Nc1 Kd6 39. Kd3 Kc5
40. Ne2 Kb5 41. f4 gxf4 42. Nxf4 Kc5 43. Ne6+ Kb5 44. Kc2 Ka4 45. Kb2 b3 46.
Nf4 d4 47. g4 Bc5 48. Nd3 Ba3+ 49. Kb1 Kb5 50. h4 Kc4 51. Nf2 1/2-1/2

[Event "Excaliburs-UOP"]
[Site "?"]
[Date "2002.04.11"]
[Round "?"]
[White "Brotsos, Jim"]
[Black "Micklich, Frank"]
[Result "1-0"]
[WhiteElo "1523"]
[BlackElo "1655"]
[PlyCount "78"]
[EventDate "2002.??.??"]

1. e4 g6 2. d4 Bg7 3. Nf3 d6 4. Bc4 Nf6 5. Nc3 O-O 6. O-O Nxe4 7. Nxe4 d5 8.
Bd3 dxe4 9. Bxe4 Nc6 10. c3 Bd7 11. Re1 Rb8 12. Qd3 a6 13. h4 Bg4 14. Bxc6 bxc6
15. Ne5 Bd7 16. Qxa6 Rb6 17. Qd3 Bc8 18. a4 Bb7 19. Qe3 e6 20. a5 Ra6 21. Nd3
Ra8 22. Nc5 Bc8 23. b4 Qxh4 24. Qf3 Ba6 25. Qxc6 Bc4 26. Be3 Bd5 27. Qxc7 Rfc8
28. Qf4 Qe7 29. b5 e5 30. Qg4 h5 31. Qd7 Qxd7 32. Nxd7 Rxc3 33. Nxe5 f6 34.
Nxg6 Bf7 35. Ne7+ Kh7 36. b6 Bf8 37. Nf5 Bd5 38. Rec1 Bb4 39. a6 39... Re8 {
Black flagged} 1-0

[Event "Rooks-Fermilab"]
[Site "?"]
[Date "2002.02.28"]
[Round "?"]
[White "Hill, R."]
[Black "Bezzubov, V."]
[Result "1-0"]
[WhiteElo "2024"]
[BlackElo "2261"]
[PlyCount "52"]
[EventDate "2002.??.??"]

1. d4 Nf6 2. Nf3 b6 3. Bg5 Ne4 4. Bf4 Bb7 5. e3 e6 6. Nbd2 Nf6 7. h3 Be7 8. Bd3
d5 9. O-O O-O 10. c4 Nbd7 11. Rc1 c5 12. cxd5 Nxd5 13. Bh2 Rc8 14. Qe2 cxd4 15.
Nxd4 Nc5 16. Rfd1 Nxd3 17. Qxd3 Nb4 18. Qb1 Qd5 19. N4f3 Rxc1 20. Qxc1 Nxa2 21.
Qa1 Rd8 22. e4 Qa5 23. Nc4 Qa4 24. Rxd8+ Bxd8 25. Nd6 Ba6 26. b4 Be7 1-0